Tế Hanh - về tác gia và tác phẩm /
Gespeichert in:
| Weitere Verfasser: | , , |
|---|---|
| Format: | Sách giấy |
| Sprache: | Vietnamese |
| Veröffentlicht: |
H. :
Giáo dục,
2000
|
| Schlagworte: | |
| Tags: |
Tag hinzufügen
Keine Tags, Fügen Sie den ersten Tag hinzu!
|
| Thư viện lưu trữ: | Thư viện Trường Đại học Đà Lạt |
|---|
| LEADER | 00800nam a2200313 4500 | ||
|---|---|---|---|
| 001 | DLU020017418 | ||
| 005 | ##3/27/2001 | ||
| 020 | # | # | |a 978- |
| 041 | # | # | |a vie |
| 082 | # | # | |a 895.922 8 |b Teh |
| 245 | # | # | |a Tế Hanh - về tác gia và tác phẩm / |c Hà Minh Đức, Bích Thu, Nguyễn Đình Thi |
| 260 | # | # | |a H. : |b Giáo dục, |c 2000 |
| 300 | # | # | |a 596 tr.; |c 24 cm. |
| 653 | # | # | |a Chân dung văn học |
| 653 | # | # | |a Nghiên cứu văn học |
| 653 | # | # | |a Nhà thơ Việt Nam |
| 653 | # | # | |a Tế Hanh, 1921- |
| 700 | # | # | |a Bích Thu |
| 700 | # | # | |a Hà Minh Đức |
| 700 | # | # | |a Nguyễn Đình Thi |
| 992 | # | # | |a 39500 |
| 994 | # | # | |a DLU |
| 900 | # | # | |a False |
| 911 | # | # | |a Administrator |
| 925 | # | # | |a G |
| 926 | # | # | |a A |
| 927 | # | # | |a SH |
| 980 | # | # | |a Thư viện Trường Đại học Đà Lạt |